书目信息 |
| 题名: |
宜居城市规划与建设
|
|
| 作者: | 孙若兰 , 焦政 , 王慧慧 主编 | |
| 分册: | ||
| 出版信息: | 北京 中国建材工业出版社 2024.11 |
|
| 页数: | 159页 | |
| 开本: | 26cm | |
| 丛书名: | ||
| 单 册: | ||
| 中图分类: | TU984.2 | |
| 科图分类: | ||
| 主题词: | 城市规划--cheng shi gui hua--研究--中国 | |
| 电子资源: | ||
| ISBN: | 978-7-5160-4349-3 | |
| 000 | 01441nam0 2200277 450 | |
| 001 | 92585 | |
| 005 | 20250818100609.91 | |
| 010 | @a978-7-5160-4349-3@dCNY78.00 | |
| 100 | @a20241227d2024 em y0chiy50 ea | |
| 101 | 0 | @achi |
| 102 | @aCN@b110000 | |
| 105 | @aa a 000yy | |
| 106 | @ar | |
| 200 | 1 | @a宜居城市规划与建设@Ayi ju cheng shi gui hua yu jian she@f孙若兰, 焦政, 王慧慧主编 |
| 210 | @a北京@c中国建材工业出版社@d2024.11 | |
| 215 | @a159页@c图@d26cm | |
| 314 | @a孙若兰, 研究生硕士, 高级工程师, 专业方向为城乡规划与设计。佛山市城市规划设计研究院有限公司副所长, 主要从事总体规划、专项规划、详细规划、城市设计、城市更新等各类规划及管理的项目编制和研究工作。获得国家、省级优秀规划设计奖多项。公开发表本专业核心文章多篇, 申请1项发明专利。焦政, 佛山市城市规划设计研究院有限公司。王慧慧, 烟台市规划设计研究院有限公司。三位均是行业从业者、专家, 有较丰富的相关经验。 | |
| 320 | @a有书目 (第157-158页) | |
| 330 | @a本书的编写涵盖宜居城市规划设计、城市更新背景下的低碳生态建设、宜居城市智能低碳交通规划与建设、城市更新背景下老旧小区改造、宜居城市绿色空间规划与建设、宜居城市公共服务设施规划等内容, 以期为从事宜居城市规划建设的工作者或相关专业学生提供参考。 | |
| 606 | 0 | @a城市规划@Acheng shi gui hua@x研究@y中国 |
| 690 | @aTU984.2@v5 | |
| 701 | 0 | @a孙若兰@Asun ruo lan@4主编 |
| 701 | 0 | @a焦政@Ajiao zheng@4主编 |
| 701 | 0 | @a王慧慧@Awang hui hui@4主编 |
| 801 | 0 | @aCN@c20250909 |
| 905 | @a河南城建学院图书馆@dTU984.2@eS930@f1 | |
| 宜居城市规划与建设/孙若兰, 焦政, 王慧慧主编.-北京:中国建材工业出版社,2024.11 |
| 159页:图;26cm |
| ISBN 978-7-5160-4349-3:CNY78.00 |
| 本书的编写涵盖宜居城市规划设计、城市更新背景下的低碳生态建设、宜居城市智能低碳交通规划与建设、城市更新背景下老旧小区改造、宜居城市绿色空间规划与建设、宜居城市公共服务设施规划等内容, 以期为从事宜居城市规划建设的工作者或相关专业学生提供参考。 |
| ● |
| 相关链接 |
|
|
|
正题名:宜居城市规划与建设
索取号:TU984.2/S930
 
预约/预借
| 序号 | 登录号 | 条形码 | 馆藏地/架位号 | 状态 | 备注 |
| 1 | 1626549 | 216265495 | 建筑库201/201建筑库 64排7列3层/ [索取号:TU984.2/S930] | 在馆 |